| 000 | 00504cam a2200181 i 4500 | ||
|---|---|---|---|
| 001 | 36489 | ||
| 005 | 20230410103547.0 | ||
| 008 | 070307b1977 dr a 000 0 spa | ||
| 041 | 0 | _aspa | |
| 050 | 1 | 4 |
_a118 PQ 7409.2 _bV794s 1977 |
| 100 | 1 |
_aViñas Cáceres, José Antonio, _d1931- |
|
| 245 | 1 | 0 |
_aSol en el manantial / _cJosé Antonio Viñas Cáceres. |
| 250 | _a1a ed. | ||
| 260 |
_aSanto Domingo : _bEditora Cosmos, _c1977 |
||
| 300 | _a63 p. | ||
| 650 | 4 | _aLiteratura dominicana | |
| 942 |
_2lcc _cbk |
||
| 999 |
_c21359 _d21359 |
||